000
00335 a2200157 4500
001
156403
020
_a
8510030146
040
_c
Escola São Tomás de Aquino
100
_a
RUDEK, Roseni
240
1
0
_a
Geografia
_l
por
245
1
0
_a
Geografia
300
_a
112
362
0
_a
2001
697
_a
Geografia / História
942
_c
BK
999
_c
156403
_d
156403